The essential guide to doing your research project / (Record no. 211485)
[ view plain ]
| 000 -LEADER | |
|---|---|
| fixed length control field | 00751nam a2200229Ia 4500 |
| 005 - DATE AND TIME OF LATEST TRANSACTION | |
| control field | 20220128140030.0 |
| 008 - FIXED-LENGTH DATA ELEMENTS--GENERAL INFORMATION | |
| fixed length control field | 210716s2010 xx 000 0 und d |
| 020 ## - INTERNATIONAL STANDARD BOOK NUMBER | |
| International Standard Book Number | 9788132106463 |
| 040 ## - CATALOGING SOURCE | |
| Transcribing agency | AIMIT LIBRARY |
| 041 ## - LANGUAGE CODE | |
| Language code of text/sound track or separate title | Eng |
| 082 ## - DEWEY DECIMAL CLASSIFICATION NUMBER | |
| Classification number | 001.43 |
| Edition number | 1 |
| Item number | OLEZ |
| 100 ## - MAIN ENTRY--PERSONAL NAME | |
| Personal name | O'Leary, Zina. |
| 9 (RLIN) | 15054 |
| 245 ## - TITLE STATEMENT | |
| Title | The essential guide to doing your research project / |
| Statement of responsibility, etc. | By Zina O'Leary. |
| 250 ## - EDITION STATEMENT | |
| Edition statement | 1st ed. |
| Remainder of edition statement | Sage South Asia Edition |
| 260 ## - PUBLICATION, DISTRIBUTION, ETC. | |
| Place of publication, distribution, etc. | New Delhi ; |
| Name of publisher, distributor, etc. | Sage Publications , |
| Date of publication, distribution, etc. | 2010. |
| 300 ## - PHYSICAL DESCRIPTION | |
| Extent | x, 308p ; |
| Dimensions | 24.5 cm |
| 650 ## - SUBJECT ADDED ENTRY--TOPICAL TERM | |
| Topical term or geographic name entry element | Research Methodology |
| 9 (RLIN) | 15055 |
| 650 ## - SUBJECT ADDED ENTRY--TOPICAL TERM | |
| Topical term or geographic name entry element | Crafting a Research Proposal |
| 9 (RLIN) | 15056 |
| 650 ## - SUBJECT ADDED ENTRY--TOPICAL TERM | |
| Topical term or geographic name entry element | Working with Literature |
| 9 (RLIN) | 15057 |
| 650 ## - SUBJECT ADDED ENTRY--TOPICAL TERM | |
| Topical term or geographic name entry element | Designing a Research plan |
| 9 (RLIN) | 15058 |
| 942 ## - ADDED ENTRY ELEMENTS (KOHA) | |
| Source of classification or shelving scheme | Dewey Decimal Classification |
| Koha item type | Book |
| Edition | 1st |
| Call number prefix | 001.43 OLEZ |
| Withdrawn status | Lost status | Source of classification or shelving scheme | Damaged status | Not for loan | Collection code | Home library | Current library | Shelving location | Date acquired | Cost, normal purchase price | Inventory number | Total Checkouts | Full call number | Barcode | Date last seen | Cost, replacement price | Price effective from | Koha item type |
|---|---|---|---|---|---|---|---|---|---|---|---|---|---|---|---|---|---|---|
| Dewey Decimal Classification | MBA | St Aloysius Institute of Management & Information Technology | St Aloysius Institute of Management & Information Technology | Research Methodology | 11/09/2019 | 795.00 | Bill no:RTPL/AIMIT/236; Bill dt: | 001.43 OLEZ | MBA14054 | 05/23/2026 | 636.00 | 07/16/2021 | Book | |||||
| Dewey Decimal Classification | MBA | St Aloysius Institute of Management & Information Technology | St Aloysius Institute of Management & Information Technology | Research Methodology | 11/09/2019 | 795.00 | Bill no:RTPL/AIMIT/236; Bill dt: | 001.43 OLEZ | MBA14055 | 05/23/2026 | 636.00 | 07/16/2021 | Book | |||||
| Dewey Decimal Classification | MBA | St Aloysius Institute of Management & Information Technology | St Aloysius Institute of Management & Information Technology | Research Methodology | 11/09/2019 | 795.00 | Bill no:RTPL/AIMIT/236; Bill dt: | 001.43 OLEZ | MBA14056 | 05/23/2026 | 636.00 | 07/16/2021 | Book | |||||
| Dewey Decimal Classification | MBA | St Aloysius Institute of Management & Information Technology | St Aloysius Institute of Management & Information Technology | Research Methodology | 11/09/2019 | 795.00 | Bill no:RTPL/AIMIT/236; Bill dt: | 001.43 OLEZ | MBA14057 | 05/23/2026 | 636.00 | 07/16/2021 | Book | |||||
| Dewey Decimal Classification | MBA | St Aloysius Institute of Management & Information Technology | St Aloysius Institute of Management & Information Technology | Research Methodology | 11/09/2019 | 795.00 | Bill no:RTPL/AIMIT/236; Bill dt: | 001.43 OLEZ | MBA14058 | 05/23/2026 | 636.00 | 07/16/2021 | Book |